000 02348cam a2200301 4500500
005 20260329011051.0
041 _afre
042 _adc
100 1 0 _aGrosbois, Muriel
_eauthor
700 1 0 _aZoghlami, Naouel
_eauthor
245 0 0 _aMultimodalité dans la communication pour l’agir professionnel : repérage et analyse
260 _c2026.
500 _a8
520 _aCet article s’inscrit dans une recherche collective centrée sur l’adolescence dans l’œuvre de S. Freud, à partir du second tome des œuvres complètes, dans lequel l’adolescence est omniprésente, que ce soit théoriquement ou cliniquement. Les théorisations de l’adolescence, notamment à partir des problématiques hystériques ou liées à la névrose actuelle, sont utilisées à partir de cas d’adolescents que Freud considère comme « purs » ; ceux-ci ouvrent sur l’investigation de futurs concepts fondamentaux de la théorie psychanalytique, tels que l’après-coup, l’infantile, le transfert, le refoulement, suggérant l’importance de la clinique de l’adolescence comme vecteur des concepts analytiques.
520 _aSummary: This article is part of a collective research project focusing on adolescence in the work of S. Freud, starting with the second volume of his complete works, in which adolescence is omnipresent, both theoretically and clinically. Theorizations of adolescence, in particular those based on hysterical problems or those linked to current neurosis, are used on the basis of cases of adolescents whom Freud considers to be ‘pure’; these open the way to the investigation of future fundamental concepts of psychoanalytical theory, such as the aftermath, the infantile, transference and repression, suggesting the importance of the clinic of adolescence as a vector for analytic concepts.
690 _acompétences communicationnelles
690 _aformation tout au long de la vie
690 _alangage
690 _amultimodalité
690 _aprofessionnalisation
690 _acommunicative competence
690 _alanguage
690 _alifelong learning
690 _amultimodality
690 _aprofessionalization
786 0 _nPhronesis | 15 | 1 | 2026-01-04 | p. 13-17
856 4 1 _uhttps://shs.cairn.info/revue-phronesis-2026-1-page-13?lang=fr&redirect-ssocas=7080
999 _c1858343
_d1858343